Представление документа в формате MARC21

Поле Инд. ПП Название Значение
Тип записи a
Библиографический уровень m
001 Контрольный номер bcb845654f9c4b69ae4d9a54f4b1b875
005 Дата корректировки 20260602150152.5
020 a ISBN 978-5-534-20583-1
040 b Код языка каталог. rus
e Правила каталог. PSBO
041 0_ a Код языка текста rus
097 b Оператор *Ст*
097 b Оператор *Мал*
100 1_ a Автор Турчаева И.Н.
245 10 a Заглавие Финансовая грамотность. Предпринимательские риски
b Продолж. заглавия учебник для среднего профессионального образования
b Продолж. заглавия в составе учебно-методического комплекса
250 a Основные сведения об издании 2-е изд., перераб. и доп.
260 a Место издания Москва
b Издательство Юрайт
c Дата издания 2026
300 a Объем 157 с.
440 _0 a Серия Профессиональное образование
440 _0 a Серия УМК-У
516 8_ a Прим. о типе комп. файла/ данных Текст : электронный
a Прим. о типе комп. файла/ данных Режим доступа: по подписке
a Прим. о типе комп. файла/ данных Дата обращения: 02.03.2026
520 0_ a Аннотация В курсе кратко раскрываются основные категории и понятия предпринимательской деятельности, финансовой среды предпринимательства, предпринимательских рисков, методы их оценки и снижения. Каждый раздел содержит практические задания с методическими рекомендациями к их выполнению, кроссворды, контрольные вопросы в целях лучшего усвоения учебного материала. Включены словарь основных терминов и список рекомендуемой литературы. Цель курса — помочь студентам в получении и закреплении теоретических знаний, выработке практических умений и навыков при освоении соответствующих компетенций. Курс соответствует требованиям федерального государственного образовательного стандарта высшего образования последнего поколения.
535 1_ a Хранилище Образовательная платформа Юрайт
583 a Действие Приписка : УМК
653 0_ a Ключевые слова Предпринимательство
a Ключевые слова Предпринимательская деятельность
a Ключевые слова Финансовая грамотность
a Ключевые слова Средства
a Ключевые слова Риски
a Ключевые слова Управление рисками
a Ключевые слова СПО
655 07 a Жанр/ форма (устаревшее) У
700 12 a Другие авторы Таенчук Я.Ю.
773 18 w Контрольный № источника 0a25d4e0e94547afa5317d98df913d22
856 40 u URL https://urait.ru/bcode/590446
901 t Тип документа m
905 b Дата создания записи обработка 13.03.26
c Дата приписки 02.06.26
952 a Тип литературы для КСУ ВШ *У1*
952 e Факультет *ФУСК*
952 b Гриф литературы для ВШ Гриф УМО СПО
990 g Размещение заказа (DOS) Образовательная платформа Юрайт
990 f Даты поступлений (DOS) 12.03.26
j Количество экземпляров (DOS) 1
990 c Приоритет заказа (DOS) *д*
j Количество экземпляров (DOS) 1